| 000 | 00393nam a22001457a 4500 | ||
|---|---|---|---|
| 999 |
_c197529 _d197529 |
||
| 008 | 230824b ||||| |||| 00| 0 eng d | ||
| 082 | _a613-MAX | ||
| 100 | _aMaxwell, Jane | ||
| 245 |
_aA Health Handbook for Women with Disabilities _hEnglish |
||
| 260 |
_aDelhi _bA.I.C.B. _cRohini |
||
| 270 | _aA.I.C.B. Rohini, Delhi | ||
| 300 | _a12x13 | ||
| 490 | _v1-7 | ||
| 942 |
_2ddc _cBRLEN _k613 _mMAX |
||